000 00646nam a22002417a 4500
003 UA-OsUOA
001 30360
007 ta
008 20041109b un ||||| |||| 00| 0 ukr d
100 _aМатузова Н. М.
090 _a929:821(477)
_bМ34
942 _cBK
040 _aUA-OsUOA
_bukr
_cUA-OsUOA
_dUA-OsUOA
245 _aГенріх Гейне
_bЖиття і творчість
300 _a240 с.
955 _a0
041 _aukr
080 _a929:821(477)
260 _aКиїв
_bВидавництво художньої літератури "Дніпро"
_c1984
044 _aUA
650 7 _2UDC
999 _c316771
_d316771